000 00546nam a2200229Ia 4500
003 OSt
005 20221005124617.0
006 a|||||r|||| 00| 0
007 ta
008 221004b |||||||| |||| 00| 0 kan d
024 _a61378
037 _cTextual
040 _aCRL
_cCRL
_bkan
041 _2kan
_akan
082 _aV2:51xM89w, 33J8
100 _aJawaharlal
245 0 _aNanna kate
260 _c1958
650 _aHISTORY
942 _hV2:51xM89w, 33J8
_cTEXL
_2cc
999 _c1050991
_d1050991